Всадники тьмы. Первая печать, книга первая: роман; пер. с исп.

Bibliographische Detailangaben
1. Verfasser: Куатьэ А. де Анхель де
Sprache:Russisch
Veröffentlicht: СПб., Нева, 2005
Schriftenreihe:Тайна печатей
Schlagworte:
Format: Buch
KOHA link:https://koha.lib.tpu.ru/cgi-bin/koha/opac-detail.pl?biblionumber=75052

MARC

LEADER 00000nam0a2200000 4500
001 75052
005 20231031090218.0
010 |a 5765440746 
035 |a (RuTPU)RU\TPU\book\80030 
090 |a 75052 
100 |a 20050317d2005 m y0rusy50 ca 
101 1 |a rus  |c spa 
102 |a RU 
105 |a a z 000ay 
200 1 |a Всадники тьмы. Первая печать, книга первая  |e роман  |e пер. с исп.  |f А. де Куатьэ 
210 |a СПб.  |c Нева  |d 2005 
215 |a 181 с.  |c ил. 
225 1 |a Тайна печатей  |h Кн. 1 
318 |5 63413507  |a Бестселлеры XXI века  |b выставка 
610 1 |a мексиканская литература 
610 1 |a романы 
610 1 |a магия 
610 1 |a мистика 
610 1 |a триллеры 
675 |a 86  |v 3 
700 1 |a Куатьэ  |b А. де  |g Анхель де 
801 1 |a RU  |b 63413507  |c 20050317  |g PSBO 
801 2 |a RU  |b 63413507  |c 20110919  |g PSBO 
942 |c BK